Euskal literatura : azterbideak, aztergaiak, azterketak / (Record no. 130543)
[ view plain ]
| 000 -LEADER | |
|---|---|
| campo de control de longitud fija | 00562nam a2200181 i 4500 |
| 001 - NÚMERO DE CONTROL | |
| campo de control | 130543 |
| 003 - IDENTIFICADOR DE NÚMERO DE CONTROL | |
| campo de control | ES-MaACL |
| 005 - FECHA Y HORA DE LA ÚLTIMA TRANSACCIÓN | |
| campo de control | 20230906193752.0 |
| 007 - CAMPO FIJO DE DESCRIPCIÓN FÍSICA--INFORMACIÓN GENERAL | |
| campo de control de longitud fija | t| |
| 008 - DATOS DE LONGITUD FIJA--INFORMACIÓN GENERAL | |
| campo de control de longitud fija | 070731s1977 sp ||||1| baq d |
| 100 1# - ENTRADA PRINCIPAL--NOMBRE DE PERSONA | |
| Nombre de persona | Zárate, Mikel. |
| 9 (RLIN) | 118048 |
| 245 10 - MENCIÓN DEL TÍTULO | |
| Título | Euskal literatura : azterbideak, aztergaiak, azterketak / |
| Mención de responsabilidad, etc. | Mikel Zárate. |
| 260 ## - PUBLICACIÓN, DISTRIBUCIÓN, ETC. | |
| Lugar de publicación, distribución, etc. | Durango : |
| Nombre del editor, distribuidor, etc. | Leopoldo Zugaza, |
| Fecha de publicación, distribución, etc. | [1977] |
| 300 ## - DESCRIPCIÓN FÍSICA | |
| Extensión | 153 p. ; |
| Dimensiones | 20 cm. |
| 504 ## - NOTA DE BIBLIOGRAFÍA, ETC. | |
| Nota de bibliografía, etc. | Bibliografía: p. 137-138. |
| 650 14 - PUNTO DE ACCESO ADICIONAL DE MATERIA--TÉRMINO DE MATERIA | |
| Término de materia o nombre geográfico como elemento de entrada | Literatura vasca- |
| Subdivisión general | Historia y crítica. |
| 9 (RLIN) | 14670 |
| 852 ## - LOCALIZACIÓN | |
| Ubicación | ES-MaACL |
| Número de control de estantería | A-6928 |
| Sublocalización o colección | R.95720 |
| Estatus retirado | Estado de pérdida | Estado de daño | No para préstamo | Biblioteca de origen | Biblioteca actual | Ubicación en estantería | Fecha de adquisición | Fuente de adquisición | Total de préstamos | Signatura topográfica completa | Código de barras | Visto por última vez | Precio de reemplazo | Tipo de ítem Koha |
|---|---|---|---|---|---|---|---|---|---|---|---|---|---|---|
| Biblioteca del Ateneo de Madrid | Biblioteca del Ateneo de Madrid | Sala Pecera Planta 1 | 17/01/2008 | A-6928 | 1135921 | 23/02/2023 | 23/02/2023 | Libro impreso |
